000 00429nam a2200169Ia 4500
003 GCL
008 140319s9999 xx 000 0 eng d
040 _aGCL /
_cGCL
082 0 4 _a302.23082
_bZ F
100 1 _aZOONEN, LIESBET
245 1 0 _aFEMINIST MEDIA STUDIES /
_cZOONEN, LIESBET
260 _a[S.N] :
_bSAGE PUBLICATIONS ،
_c1994
300 _a173 P
650 0 4 _aFEMINIST
650 0 4 _aMEDIA STUDIES
942 _2ddc
_cBK
999 _c24999
_d24999